000 00739nam a2200241 i 4500
001 13488
003 ES-MaACL
005 20230906150607.0
007 t|
008 980422s1997 sp ||||1| spa d
080 _a323.12(=924)(430)"1933/45"
245 0 3 _aLa controversia Goldhagen /
_cTraducción de Manuel Canet y Elisa Renau.
260 _aValencia :
_bAlfons el Magnanim,
_c1997.
300 _a205 p. ;
_c19 cm.
490 1 _aDebats ;
_v21
650 1 4 _aAntisemitismo-
_zAlemania-
_y1933-1945.
_99859
700 1 _aCanet, Manuel.
_934488
700 1 _aRenau, Elisa.
_996181
700 1 _aGoldhagen, Daniel Jonah.
_957659
830 0 _aDebats ;
_v21
_9179595
852 _aES-MaACL
_jL-20821
_bR.126502
999 _c13488
_d13488